00429nam a2200121Ia 4500003000400000005001700004008004100021040001800062041000800080100004300088245014000131260003600271OSt20260122110906.0211028s2015 xx 000 0 und d cAIMIT LIBRARY aeng aKalpana, M S; James, Justine.g1316073 aStudy on mounting overdues and irregular repayment of loans by self help groups with reference to Kaveri grameen bank Virajpet branch / aMangalorebJustine James.c2015